| 000 | 01980cam a2200289 4500 | ||
|---|---|---|---|
| 001 | X121524 | ||
| 008 | 030305n2003 000 0 eng u | ||
| 035 | _a(Sirsi) u121524 | ||
| 100 | _aPartington, M. | ||
| 245 | _aReforming land, valuation and housing tribunals | ||
| 260 | _c2003 | ||
| 490 |
_aLegal Action _vMarch 2003, 9(1) |
||
| 520 | _aIntroduces and summarises the Law Commission's consultation paper "Land, valuation and housing tribunals" available at www.lawcom.gov.uk. The consultation paper was commissioned by the Lord Chancellor's Department in late 2002 to follow up the reforming ideas in the Leggatt report "Tribunals for users - one system, one service" published in August 2001. The consultation paper sets out options for the reform and rationalisation of the structure and jurisdictions of the Lands Tribunal (LT), Leasehold Valuation Tribunal (LVT), Rent Assessment Committees (RAC), Rent Tribunal (RT), Agricultural Land Tribunal, Commons Commissioners, Valuation Tribunal and the adjudicator to HM Land Registry. Describes three options: retaining the same tribunals with some rationalisation, amalgamation of current first tier tribunals and, most radically, a completely unified tribunal. Analyses the jurisdictional overlaps between the tribunals and associated problems. Predicts that the government will shortly be announcing plans for a new Tribunals Service. | ||
| 650 | _aTRIBUNALS | ||
| 650 | _aLANDS TRIBUNAL | ||
| 650 | _aLEASEHOLD VALUATION TRIBUNAL | ||
| 650 | _aRENT ASSESSMENT COMMITTEE | ||
| 650 | _aRENT TRIBUNAL | ||
| 650 | _aAGRICULTURAL LAND TRIBUNAL | ||
| 650 | _aCOMMONS COMMISSIONERS | ||
| 650 | _aVALUATION TRIBUNAL SERVICE | ||
| 650 | _aHM LAND REGISTRY ADJUDICATOR | ||
| 690 | _aLAW-UK | ||
| 700 | _aCrilly, C. | ||
| 856 |
_uhttps://www.justice.gov.uk/lawcommission/docs/cp170_Land_Valuation_and_Housing_Tribunals_Consultation.pdf _zView the consultation free of charge at www.justice.gov.uk |
||
| 942 | _n0 | ||
| 999 |
_c72227 _d72227 |
||